000 00659nam a22001937a 4500
005 20251108170855.0
008 250721s2000 xx 000 0 ara d
082 1 4 _a658/حسي
100 1 _aالحسيني، فلاح حسن
245 1 0 _aالإدارة الإستراتيجية :
_bمفاهيمها - مداخلها - عملياتها المعاصرة /
264 1 _aعمان :
_bدار وائل للطباعة و النشر،
_c2000.
300 _a324ص
650 1 7 _aإدارة الأعمال
650 1 7 _aتنظيم العمل
650 1 7 _aإقتصاد المنشآت
650 1 7 _aسياسة العمل
942 _2ddc
_cBK
999 _c51034
_d51034